Giáo trình tôn giáo học
Một số vấn đề lý luận chung về tôn giáo , đạo phật , đạo Kito , đạo I_xlam và một số tín ngưỡng và tôn giáo dân tộc ở Việt Nam .Tư tưởng Hồ Chí Minh và đường lối chủ trương của Đảng , chính sách của nhà nước về tôn giáo....
Gorde:
| Egile nagusia: | |
|---|---|
| Beste egile batzuk: | |
| Formatua: | Liburua |
| Argitaratua: |
Hà Nội
Đại học sư phạm
2006
|
| Edizioa: | In lần thứ hai |
| Gaiak: | |
| Etiketak: |
Etiketa erantsi
Etiketarik gabe, Izan zaitez lehena erregistro honi etiketa jartzen!
|
| Thư viện lưu trữ: | Trung tâm Học liệu Lê Vũ Hùng, Trường Đại học Đồng Tháp |
|---|
| LEADER | 01676pam a22002418a 4500 | ||
|---|---|---|---|
| 001 | 00000822 | ||
| 005 | 20200910150920.0 | ||
| 008 | 110323s2006 ||||||Viesd | ||
| 020 | # | # | |c 28000 |
| 082 | # | # | |a 200.71 |b GI108TR |
| 100 | # | # | |a Trần, Đăng Sinh |
| 245 | 1 | 0 | |a Giáo trình tôn giáo học |c Trần Đăng Sinh , Đào Đức Doãn |
| 250 | # | # | |a In lần thứ hai |
| 260 | # | # | |c 2006 |a Hà Nội |b Đại học sư phạm |
| 300 | # | # | |a 281 tr. |c 21 cm |
| 520 | 3 | # | |a Một số vấn đề lý luận chung về tôn giáo , đạo phật , đạo Kito , đạo I_xlam và một số tín ngưỡng và tôn giáo dân tộc ở Việt Nam .Tư tưởng Hồ Chí Minh và đường lối chủ trương của Đảng , chính sách của nhà nước về tôn giáo. |
| 650 | # | 4 | |a Tôn giáo |
| 653 | # | # | |a Lí luận |a Tín ngưỡng |a Tôn giáo học |a Giáo trình |
| 700 | 0 | # | |a Đào Đức Doãn |
| 852 | # | # | |b Kho giáo trình |j KGT.0017667, KGT.0017668, KGT.0017669, KGT.0017670, KGT.0017671, KGT.0017672, KGT.0017673, KGT.0017674, KGT.0017675, KGT.0017676, KGT.0017677, KGT.0017678, KGT.0017679, KGT.0017680, KGT.0017681, KGT.0017682, KGT.0017683, KGT.0017684, KGT.0017685 |
| 852 | # | # | |b Kho mượn |j KGT.0017667 |
| 852 | # | # | |j KGT.0017667 |j KGT.0017669 |j KGT.0017670 |j KGT.0017672 |j KGT.0017673 |j KGT.0017675 |j KGT.0017677 |j KGT.0017678 |j KGT.0017680 |j KGT.0017681 |j KGT.0017683 |j KGT.0017684 |j KGT.0017668 |j KGT.0017671 |j KGT.0017674 |j KGT.0017676 |j KGT.0017679 |j KGT.0017682 |j KGT.0017685 |
| 980 | # | # | |a Trung tâm Học liệu Lê Vũ Hùng, Trường Đại học Đồng Tháp |